Science Quiz

Random Science or Chemistry Quiz

Spoonerized Elements Quiz Stats

 Plays Quiz Updated May 12, 2018

Challenge
Share
Tweet
Score 0/20 Timer 02:00
2 Plays Today
% Correct
Zold
92.9%
Nead
89.2%
Xoron
89%
Sickel
88.1%
Mismuth
87.5%
Nitanium
86.2%
Ursenic
85.9%
Hopper
85.4%
Sydrogen
83.7%
Banganese
83.6%
% Correct
Orbium
79.1%
Trypton
78.7%
Shosphorus
78.6%
Badium
75.3%
Malifornium
72.2%
Entimony
72.2%
Lallium
71.5%
Zanthanum
66.4%
Volonium
62.1%
Dadmium
62.1%

You're not logged in!

Compare scores with friends on all Sporcle quizzes.
Join for Free
OR
Log In

You Might Also Like...

Show Comments

Extras

Top Quizzes Today


Score Distribution

Your Account Isn't Verified!

In order to create a playlist on Sporcle, you need to verify the email address you used during registration. Go to your Sporcle Settings to finish the process.

Report this User

Report this user for behavior that violates our Community Guidelines.

Details: